Don`t let them get away with murder ( booklet on criminal procedures): (Record no. 455)
[ view plain ]
| 000 -LEADER | |
|---|---|
| fixed length control field | 007460000a22002170004500 |
| 003 - CONTROL NUMBER IDENTIFIER | |
| control field | LK-CoMWRAF |
| 005 - DATE AND TIME OF LATEST TRANSACTION | |
| control field | 20240605151929.0 |
| 008 - FIXED-LENGTH DATA ELEMENTS--GENERAL INFORMATION | |
| fixed length control field | 230817t2002 ||||| |||| 00| 0 eng d |
| 040 ## - CATALOGING SOURCE | |
| Original cataloging agency | LK-CoMWRAF |
| Modifying agency | LK-CoMWRAF |
| Description conventions | LK-CoMWRAF |
| 041 ## - LANGUAGE CODE | |
| Language code of text/sound track or separate title | English |
| 082 ## - DEWEY DECIMAL CLASSIFICATION NUMBER | |
| Classification number | 345 |
| Item number | SAH |
| 942 ## - ADDED ENTRY ELEMENTS (KOHA) | |
| Koha item type | Books |
| 100 ## - MAIN ENTRY--PERSONAL NAME | |
| Personal name | Shah, Hassam Qadir |
| 700 ## - ADDED ENTRY--PERSONAL NAME | |
| Personal name | Malick, Nabila |
| Relator Term | editor |
| 245 ## - TITLE STATEMENT | |
| Title | Don`t let them get away with murder ( booklet on criminal procedures): |
| Remainder of title | basic questions answered |
| 260 ## - PUBLICATION, DISTRIBUTION, ETC. (IMPRINT) | |
| Place of publication, distribution, etc. | Lahore: |
| Name of publisher, distributor, etc. | Shrkat Gah Women's Resource Center, |
| Date of publication, distribution, etc. | 2002 |
| 300 ## - PHYSICAL DESCRIPTION | |
| Extent | 52 p. : tables, ill |
| 856 ## - ELECTRONIC LOCATION AND ACCESS | |
| Uniform Resource Identifier | <a href="https://shirkatgah.org/shirkat/wp-content/uploads/2017/01/Dont-let-them-Get-Away-with-Murder.pdf">https://shirkatgah.org/shirkat/wp-content/uploads/2017/01/Dont-let-them-Get-Away-with-Murder.pdf</a> |
| 650 ## - SUBJECT ADDED ENTRY--TOPICAL TERM | |
| Topical term or geographic name as entry element | CRIMINAL PROCEDURE |
| 650 ## - SUBJECT ADDED ENTRY--TOPICAL TERM | |
| Topical term or geographic name as entry element | Women - Crimes against |
| Withdrawn status | Lost status | Damaged status | Not for loan | Permanent Location | Current Location | Date acquired | Full call number | Barcode | Koha item type |
|---|---|---|---|---|---|---|---|---|---|
| Resource center, Muslim Women's Research And Action Forum | Resource center, Muslim Women's Research And Action Forum | 2023-08-17 | 345 SAH | RAF4064 | Books |

